| 000 | 005400000a22001930004500 | ||
|---|---|---|---|
| 001 | 003261 | ||
| 003 | MACL | ||
| 005 | 20150916101115.0 | ||
| 008 | 150916b xxu||||| |||| 00| 0 eng d | ||
| 040 |
_aMACL _cMACL |
||
| 041 | _aEnglish | ||
| 082 | _a823/SHI | ||
| 100 |
_aShihan, I.H. _911346 |
||
| 245 |
_aUnder the Alien Sky _bCross Cultural Encounter And Culture Schock Syndrome In Some Novels On India _cI.H. Shihan |
||
| 260 |
_aKolkata _c2001 _bDas Gupta & Com., |
||
| 350 | _a250 | ||
| 650 |
_aFiction _911347 |
||
| 942 |
_k823 _cBK _2ddc |
||
| 999 |
_c15166 _d15166 |
||